| 000 | 00511nam a22001817a 4500 | ||
|---|---|---|---|
| 003 | URS | ||
| 005 | 20251008142154.0 | ||
| 008 | 250507b |||||||| |||| 00| 0 eng d | ||
| 040 | _cURS | ||
| 100 | 1 |
_aAnderson, David _eauthor |
|
| 245 | 1 | 0 |
_aCultivating Good Habits / _cDavid Anderson |
| 300 | _apage 12 | ||
| 336 |
_2rdacontent _atext _btxt |
||
| 337 |
_2rdamedia _aunmediated _bn |
||
| 338 |
_2rdacarrier _avolume _bnc |
||
| 773 | 0 |
_082634 _975090 _oPIL-00366463-122-4 _tSchool Arts _x0036-6463 |
|
| 942 |
_2ddc _cCR |
||
| 999 |
_c82868 _d82867 |
||